| 000 | 00540nam a2200181Ia 4500 | ||
|---|---|---|---|
| 003 | GCL | ||
| 008 | 140319s9999 xx 000 0 eng d | ||
| 040 |
_aGCL / _cGCL |
||
| 082 | 0 | 4 |
_a828.609 _bC S |
| 100 | 1 | _aCLARK J. R. | |
| 245 | 1 | 0 |
_aSAMUEL JOHNSON-LITERATURE RELIGON AND ENGLISH CULTURAL POLITICS FROM THE RESTORATION OF ROMANTICISM / _cCLARK J. R. |
| 260 |
_a[S.N] : _bCAMBRIDGE UNIVERSITY PRESS ، _c1994 |
||
| 300 | _a270 P | ||
| 650 | 0 | 4 | _aHISTORY |
| 650 | 0 | 4 | _aGREAT BRITAIN |
| 650 | 0 | 4 | _aPOLICY - LITERATURE |
| 942 |
_2ddc _cBK |
||
| 999 |
_c23871 _d23871 |
||